[Event "GER-chT U14 Girls"]
[Site "Dittrichshuette"]
[Date "2008.12.29"]
[Round "6.3"]
[White "Pilat, Angelice"]
[Black "Brock, Sharlena"]
[Result "1-0"]
[WhiteElo "1284"]
[BlackElo "1208"]
[PlyCount "101"]
[EventDate "2008.12.27"]
[EventType "team-swiss"]
[EventRounds "7"]
[EventCountry "GER"]
[SourceTitle "EXT 2010"]
[Source "ChessBase"]
[SourceDate "2010.11.25"]
[SourceVersion "1"]
[SourceVersionDate "2010.11.25"]
[SourceQuality "1"]
[WhiteTeam "Porta Westfalica"]
[BlackTeam "Dortmund 1875"]
[WhiteTeamCountry "GER"]
[BlackTeamCountry "GER"]

1. e4 e5 2. Nf3 Nc6 3. Bc4 Nf6 4. Nc3 Bc5 5. 0-0 0-0 6. d3 d6 7. h3 Be6 8. Bb5 Nd4 9. Bg5 h6 10. Bh4 a6 11. Ba4 b5 12. Bb3 Nxb3 13. axb3 c6 14. d4 exd4 15. Nxd4 Bd7 16. Re1 Qe7 17. Nf3 Qe6 18. e5 Nd5 19. exd6 Qf5 20. Bg3 Nf4 21. Bxf4 Qxf4 22. Ne4 Bb6 23. Qd2 Qf5 24. Ng3 Qc5 25. Re5 Qxf2+ 26. Qxf2 Bxf2+ 27. Kxf2 Rfe8 28. Rxe8+ Rxe8 29. Rxa6 Re6 30. Nf5 Rf6 31. g4 Bxf5 32. gxf5 Rxd6 33. Ke3 f6 34. Nd4 Rd5 35. Rxc6 Re5+ 36. Kd3 Re1 37. Nxb5 Rd1+ 38. Kc3 Rd5 39. Nd4 Re5 40. b4 Re3+ 41. Kc4 Rxh3 42. b5 h5 43. b6 Rh4 44. b7 Kh7 45. b8Q Kh6 46. Qh8+ Kg5 47. Qxg7+ Kf4 48. Qxf6 Rh3 49. Qh6+ Kg3 50. Rg6+ Kh4 51. Qf4# 1-0

[Event "GER-chT U14 Girls"]
[Site "Dittrichshuette"]
[Date "2008.12.28"]
[Round "4.3"]
[White "Schramm, Anna Lena"]
[Black "Pilat, Angelice"]
[Result "0-1"]
[WhiteElo "791"]
[BlackElo "1284"]
[PlyCount "86"]
[EventDate "2008.12.27"]
[EventType "team-swiss"]
[EventRounds "7"]
[EventCountry "GER"]
[SourceTitle "EXT 2010"]
[Source "ChessBase"]
[SourceDate "2010.11.25"]
[SourceVersion "1"]
[SourceVersionDate "2010.11.25"]
[SourceQuality "1"]
[WhiteTeam "Harksheide"]
[BlackTeam "Porta Westfalica"]
[WhiteTeamCountry "GER"]
[BlackTeamCountry "GER"]

1. e4 e5 2. Bc4 Bc5 3. Qh5 Qf6 4. Nf3 d6 5. d4 Bxd4 6. Nxd4 exd4 7. Bg5 Qg6 8. Qh4 Be6 9. Bxe6 Qxe6 10. Nd2 Nd7 11. f3 h6 12. Bf4 Ngf6 13. 0-0 0-0-0 14. Rae1 g5 15. Bxg5 hxg5 16. Qxg5 Rdg8 17. Qf5 Qxa2 18. Nc4 Qxc4 19. e5 Qd5 20. Qf4 dxe5 21. Qf5 Kb8 22. Rf2 Rh5 23. Qd3 a6 24. b3 e4 25. fxe4 Nxe4 26. Qxe4 Qxe4 27. Rxe4 f5 28. Rxd4 Ne5 29. Kf1 Ng4 30. Rff4 Nxh2+ 31. Ke2 Rxg2+ 32. Kd3 Ng4 33. Kc4 Rxc2+ 34. Kd5 Ne3+ 35. Ke5 Rc5+ 36. Ke6 Rh6+ 37. Ke7 Nd5+ 38. Rxd5 Rxd5 39. Kf7 Kc8 40. Rf2 Rd7+ 41. Kg8 Rf6 42. Re2 Kd8 43. Kh8 Rf8# 0-1

[Event "GER-chT U14 Girls"]
[Site "Stuttgart"]
[Date "2007.12.27"]
[Round "2.3"]
[White "Pilat, Angelice"]
[Black "Stoll, Katja"]
[Result "0-1"]
[WhiteElo "1056"]
[BlackElo "1177"]
[PlyCount "108"]
[EventDate "2007.12.27"]
[EventType "team-swiss"]
[EventRounds "7"]
[EventCountry "GER"]
[SourceTitle "EXT 2009"]
[Source "ChessBase"]
[SourceDate "2008.11.26"]
[SourceVersion "1"]
[SourceVersionDate "2008.11.26"]
[SourceQuality "1"]
[WhiteTeam "Porta Westfalica U14 Girls"]
[BlackTeam "Vaterstetten SC U14 Girls"]
[WhiteTeamCountry "GER"]
[BlackTeamCountry "GER"]

1. e4 e5 2. Nf3 Nf6 3. Nc3 Nc6 4. Bc4 Nxe4 5. Nxe4 d5 6. Bb5 dxe4 7. Bxc6+ bxc6 8. Nxe5 Qf6 9. Ng4 Qg6 10. Ne3 Bc5 11. Rg1 0-0 12. f3 Bf5 13. a3 Rad8 14. Qe2 exf3 15. Qxf3 Bxc2 16. Rf1 Bd3 17. Rh1 Be4 18. Qh3 Bxe3 19. Qxe3 Rd3 20. Qf2 Qxg2 21. Qxg2 Bxg2 22. Rg1 Re8+ 23. Kd1 Bf3+ 24. Kc2 Red8 25. Re1 h6 26. Re3 Rxe3 27. dxe3 Be4+ 28. Kb3 Rd3+ 29. Ka4 c5 30. Kb5 Rd5 31. Kc4 g5 32. Kb5 g4 33. Kc4 h5 34. Kc3 h4 35. b3 g3 36. hxg3 h3 37. a4 h2 38. Ba3 h1Q 39. Rxh1 Bxh1 40. Kc4 Rg5 41. Bxc5 Bd5+ 42. Kb4 Rg4+ 43. Ka3 a5 44. Ba7 Rxg3 45. Bd4 f5 46. Be5 Rxe3 47. Bxc7 Rxb3+ 48. Ka2 Rb7+ 49. Ka1 Rxc7 50. Kb2 f4 51. Kb1 f3 52. Kb2 f2 53. Ka3 f1Q 54. Kb2 Qc1# 0-1